[Event "Zaragoza Province-ch Primera"]
[Site "Zaragoza"]
[Date "2015.10.25"]
[Round "4"]
[White "Sedano Jover, Adrian"]
[Black "Perez Bella, Jose Maria"]
[Result "1-0"]
[WhiteElo "1534"]
[BlackElo "1604"]
[PlyCount "119"]
[EventDate "2015.09.27"]
[EventType "swiss"]
[EventRounds "6"]
[EventCountry "ESP"]
[SourceTitle "CBM 170 Extra"]
[Source "ChessBase"]
[SourceDate "2016.02.25"]
[SourceVersion "1"]
[SourceVersionDate "2016.02.25"]
[SourceQuality "1"]

1. d4 c5 2. Nf3 cxd4 3. Nxd4 Nc6 4. e3 Nf6 5. Bd3 Ne5 6. 0-0 d5 7. Nc3 e6 8. a3 a6 9. Be2 Bd6 10. Bd2 Qc7 11. f4 Nc4 12. Bxc4 dxc4 13. Nf3 0-0 14. Ng5 b5 15. Nge4 Nxe4 16. Nxe4 Bb7 17. Nxd6 Qxd6 18. Bb4 Qc6 19. Qg4 f5 20. Qg3 Rf7 21. Rad1 Qb6 22. Rd6 Qc7 23. Rxe6 Be4 24. Qf2 a5 25. Bc3 Qd7 26. Re5 Qb7 27. Rd1 b4 28. axb4 axb4 29. Bd4 b3 30. cxb3 Qxb3 31. Rc1 Rc7 32. Rc5 Rxc5 33. Bxc5 Ra2 34. Bd4 Kf7 35. h3 g6 36. Qd2 Qd3 37. Qc3 Qe2 38. Qxc4+ Qxc4 39. Rxc4 Ra1+ 40. Kf2 Rd1 41. Bc3 Rc1 42. Rc7+ Kg8 43. Rg7+ Kf8 44. Rd7 Kg8 45. Rd2 Kf7 46. Bd4 h6 47. b3 g5 48. fxg5 hxg5 49. b4 Ke6 50. b5 Rb1 51. Rb2 Kd5 52. Rxb1 Bxb1 53. b6 Kc6 54. g3 Be4 55. h4 gxh4 56. gxh4 Kd6 57. h5 Kc6 58. h6 f4 59. exf4 Bh7 60. Kg3 1-0

[Event "Zaragoza Province-ch Primera"]
[Site "Zaragoza"]
[Date "2015.10.18"]
[Round "3"]
[White "Perez Bella, Jose Maria"]
[Black "Teresa Moya, Alejandro"]
[Result "0-1"]
[WhiteElo "1604"]
[BlackElo "1751"]
[PlyCount "104"]
[EventDate "2015.09.27"]
[EventType "swiss"]
[EventRounds "6"]
[EventCountry "ESP"]
[SourceTitle "CBM 170 Extra"]
[Source "ChessBase"]
[SourceDate "2016.02.25"]
[SourceVersion "1"]
[SourceVersionDate "2016.02.25"]
[SourceQuality "1"]

1. Nc3 d5 2. e4 dxe4 3. Nxe4 Nd7 4. Bc4 Ngf6 5. Nxf6+ Nxf6 6. h3 Bf5 7. d3 e6 8. Nf3 Be7 9. Qe2 c6 10. Nh4 Bg6 11. Nxg6 hxg6 12. Be3 Nd5 13. Bd4 Bf6 14. Bxf6 Qxf6 15. Bxd5 cxd5 16. Rb1 b6 17. 0-0 Qg5 18. Qg4 Qxg4 19. hxg4 Ke7 20. f3 Rac8 21. c3 g5 22. d4 a5 23. a3 b5 24. Rfc1 Kd7 25. b3 Rc7 26. a4 Rhc8 27. axb5 Rxc3 28. Rxc3 Rxc3 29. Ra1 Rxb3 30. Rxa5 Ke7 31. Kf2 Rb2+ 32. Kf1 Kf6 33. g3 Rb4 34. Ke2 Rxd4 35. b6 Rb4 36. Ra6 Rb3 37. Kd2 Ke5 38. Kc2 Rb5 39. Kc3 f6 40. Kd3 g6 41. Kc3 f5 42. gxf5 gxf5 43. Kd3 Rb3+ 44. Kc2 Rb4 45. Kd3 Rb5 46. Kc3 g4 47. fxg4 fxg4 48. Kd3 Kf5 49. Kd4 e5+ 50. Ke3 Rb3+ 51. Kd2 Ke4 52. Kc2 Rb5 0-1

[Event "Aragon-ch Seniors"]
[Site "Zaragoza"]
[Date "2015.05.30"]
[Round "7"]
[White "Otal Bornau, Jose Miguel"]
[Black "Perez Bella, Jose Maria"]
[Result "0-1"]
[WhiteElo "1552"]
[BlackElo "1604"]
[PlyCount "102"]
[EventDate "2015.04.18"]
[EventType "swiss"]
[EventRounds "8"]
[EventCountry "ESP"]
[SourceTitle "EXT 2017"]
[Source "ChessBase"]
[SourceDate "2016.10.25"]
[SourceVersion "1"]
[SourceVersionDate "2016.10.25"]
[SourceQuality "1"]

1. e4 e6 2. d3 d5 3. Nd2 Nf6 4. Ngf3 b6 5. g3 Bb7 6. e5 Nfd7 7. d4 c5 8. c3 cxd4 9. cxd4 Nc6 10. Bg2 Ba6 11. a3 Be7 12. b4 Bc4 13. Nxc4 dxc4 14. 0-0 b5 15. h4 0-0 16. Ng5 Rc8 17. Re1 Nb6 18. Be3 Nd5 19. Bc1 Bxg5 20. Bxg5 Qd7 21. Qg4 f6 22. exf6 Nxf6 23. Qxe6+ Qxe6 24. Rxe6 Nxd4 25. Ra6 Ng4 26. Bh3 Ne2+ 27. Kf1 Rxf2+ 28. Ke1 Rcf8 29. Ra2 Nxg3 30. Rxf2 Nxf2 31. Be6+ Kh8 32. Rxa7 Nfe4 33. Rf7 Rxf7 34. Bxf7 Nxg5 35. hxg5 Ne4 36. g6 Nd6 37. Kd2 hxg6 38. Bxg6 Kg8 39. Kc3 Kf8 40. Kd4 Ke7 41. Ke5 Nf7+ 42. Kd5 Nd6 43. Kc5 Kf6 44. Bc2 Ke5 45. a4 bxa4 46. Bxa4 c3 47. Bc2 g5 48. b5 g4 49. Kb4 g3 50. Bd1 g2 51. Bf3 g1Q 0-1

[Event "Aragon-ch Seniors"]
[Site "Zaragoza"]
[Date "2015.05.23"]
[Round "6"]
[White "Perez Bella, Jose Maria"]
[Black "Sanz Navarro, Alberto"]
[Result "0-1"]
[WhiteElo "1604"]
[BlackElo "1576"]
[PlyCount "72"]
[EventDate "2015.04.18"]
[EventType "swiss"]
[EventRounds "8"]
[EventCountry "ESP"]
[SourceTitle "EXT 2017"]
[Source "ChessBase"]
[SourceDate "2016.10.25"]
[SourceVersion "1"]
[SourceVersionDate "2016.10.25"]
[SourceQuality "1"]

1. d4 d5 2. Nf3 Nf6 3. e3 c5 4. Bd3 c4 5. Be2 Nc6 6. b3 b5 7. 0-0 h5 8. a3 Bf5 9. Nc3 a6 10. Bb2 h4 11. h3 Qd7 12. Ne5 Nxe5 13. dxe5 Ne4 14. Nxe4 Bxe4 15. Bf3 f5 16. exf6 gxf6 17. Bxe4 dxe4 18. Qxd7+ Kxd7 19. Rfd1+ Ke6 20. bxc4 Rh5 21. cxb5 Rxb5 22. Rab1 Rab8 23. c4 Rxb2 24. Rbc1 Kf5 25. Rd5+ e5 26. Ra5 Rb1 27. Rxb1 Rxb1+ 28. Kh2 Rc1 29. Rxa6 Rxc4 30. a4 Bb4 31. g4+ Kg5 32. Ra8 Be1 33. Kg2 Rc2 34. Kf1 Bxf2 35. a5 Bxe3 36. Rg8+ Kf4 0-1

[Event "Aragon-ch Primera"]
[Site "Spain"]
[Date "2009.??.??"]
[Round "7"]
[White "Perez Bella, Jose Maria"]
[Black "Lera Perez, Jose Carlos"]
[Result "1-0"]
[WhiteElo "1615"]
[BlackElo "1616"]
[PlyCount "55"]
[EventDate "2009.??.??"]
[EventType "swiss"]
[EventRounds "9"]
[EventCountry "ESP"]
[SourceTitle "EXT 2013"]
[Source "ChessBase"]
[SourceDate "2012.11.22"]
[SourceVersion "1"]
[SourceVersionDate "2012.11.22"]
[SourceQuality "1"]

1. Nc3 e6 2. Nf3 d5 3. d4 c5 4. e4 cxd4 5. Qxd4 Nc6 6. Bb5 Bd7 7. Qd2 Nge7 8. 0-0 dxe4 9. Nxe4 Qc7 10. Nd6+ Kd8 11. Nxf7+ Kc8 12. Nxh8 b6 13. Nf7 Ng6 14. N7g5 h6 15. Ne4 Kb7 16. Qe2 a6 17. Ba4 b5 18. Bb3 Be7 19. Be3 Rf8 20. Nc5+ Bxc5 21. Bxc5 Rf5 22. Qe4 Nf4 23. Bd4 g5 24. Be5 Qc8 25. Bxf4 Rxf4 26. Qh7 e5 27. Rad1 Nd4 28. Nxd4 1-0